000 00634nam a2200229Ia 4500
003 OSt
005 20221007065049.0
006 a|||||r|||| 00| 0
007 ta
008 221006b |||||||| |||| 00| 0 eng d
024 _a26,764
037 _cTextual
040 _aFLL
_cFLL
_beng
041 _2eng
_aeng
082 _aXM55:Z2y7z, H6
100 _aJain B.R.
_9345934
245 0 _aSupplement to annotated digest of company cases
260 _aDelhi
_bThe I.T. Law Publishing House India
_c1946
300 _axx,1-395p
_ccm.
942 _hXM55:Z2y7z, H6
_cTEXL
_2CC
999 _c1136186
_d1136186